| 000 | 00782nam a22002057a 4500 | ||
|---|---|---|---|
| 999 |
_c11069 _d11069 |
||
| 003 | AR-CdUCM | ||
| 008 | 190402b ||||| |||| 00| 0 spa d | ||
| 040 |
_aMUNICIPALIDAD PROVINCIAL DEL CUSCO _cBIBLIOTECA MUNICIPAL DEL CUSCO |
||
| 082 |
_a962.9 / _bG55 / 1955 |
||
| 100 |
_aGonzales Ramirez, Manuel _928198 |
||
| 245 | _aLa caricatura política/ | ||
| 260 |
_aMéxico : _bFondo de cultura económica, _c1955. |
||
| 300 |
_a143 paginas ; _c23 cm. |
||
| 505 | _aContenido : La manifestación concreta de la caricatura, por Manuel Gonzales Ramirez -- Violaciones constitucionales -- Reformas constitucionales -- Violaciones al sufragio ... | ||
| 650 |
_aPolitica _9291 |
||
| 650 |
_aReformas _94489 |
||
| 650 |
_aConstitucionales _928199 |
||
| 942 |
_2ddc _cLIBROS |
||
| 945 | _arah | ||